Evolución molecular
Uloženo v:
| Hlavní autor: | |
|---|---|
| Médium: | Kniha |
| Jazyk: | španělština |
| Vydáno: |
Barcelona
Omega
1980
|
| Témata: | |
| Tagy: |
Přidat tag
Žádné tagy, Buďte první, kdo vytvoří štítek k tomuto záznamu!
|
MARC
| LEADER | 00000nam a2200000 a 4500 | ||
|---|---|---|---|
| 001 | UCT7471 | ||
| 003 | CL-VaPUC | ||
| 008 | 970123e19800000SP |||||||||||||||||spa|d | ||
| 082 | 0 | 4 | |a 575 |b AYA |2 21 |
| 100 | |a Ayala, Francisco |e author |9 466127 | ||
| 245 | 1 | 0 | |a Evolución molecular |
| 300 | |a 285 p | ||
| 942 | |c BK | ||
| 945 | |d 19970123 00:00:00 |a rbrito | ||
| 260 | |a Barcelona |b Omega |c 1980 | ||
| 650 | 0 | |a Genética |9 259443 | |
| 650 | 0 | |a Evolución |9 259442 | |
| 650 | 0 | |a Espacio |9 336785 | |
| 650 | 0 | |a Tiempo |9 267892 | |
| 650 | 7 | |a ESPECIES |2 CL-VaPUC |9 331928 | |
| 650 | 0 | |a Bioquímica |9 259492 | |
| 650 | 7 | |a PROTEINAS |2 CL-VaPUC |9 378470 | |
| 650 | 0 | |a Ácido desoxirribonucleico (ADN) |9 361158 | |
| 650 | 0 | |a Biología |9 262022 | |
| 583 | |a last modification |c 19970123 00:00:00 |k Rodrigo Vera | ||
| 999 | |c 256093 |d 256091 | ||
| 952 | |0 0 |1 0 |4 0 |6 575_000000000000000_AYA_1980 |7 0 |8 A |9 278638 |a BIBEDU |b BIBEDU |d 2019-11-19 |i 3283739 |o 575 AYA 1980 |p 3283739 |r 2019-11-19 |w 2019-11-19 |y BK |k FIL | ||